| 000 | 00865nam a22001337a 4500 | ||
|---|---|---|---|
| 040 | _cRUA | ||
| 082 | _aRUB KOU 2017 B643 Or.1 | ||
| 100 | _aKOUK BOREY គង់ បូរី | ||
| 245 | _astudy on standing wood volume and mean annual increment of clones GT1, RRIM600, RRIV4 and PB260 at long sreng international co,LTD ( boeung ket plantation ) សិក្សាមាឌឈើឈរ និងកម្រិតលូតលាស់ប្រចាំឆ្នាំរបស់កៅស៊ូ GT1, RRIM600, RRIV4, Pb260 នៅក្រុមហ៊ុន ឡុង ស្រេង អុិនធ័រណេតសុិណល ( ចម្កាកៅស៊ូបឹងកេត) | ||
| 260 |
_aRUA _bphnom penh _c2017 |
||
| 300 |
_ax;32p _bill; _c29cm |
||
| 856 | _uhttps://drive.google.com/file/d/1D0UVeih97lPg0OSv96l0tExYHRqmP9eE/view?usp=sharing | ||
| 942 | _cRUB | ||
| 999 |
_c18112 _d18112 |
||